000 00601nam a2200169 a 4500
005 20240817063808.0
008 081013s2002 mx r 000 0 spa d
035 _aUPN01000163383
049 _aCG
050 4 _aP23
_bI5.2
111 2 _aInforme del grupo de expertos en Política y Planificación Lingüísticas
_d(1,2 octubre, 2002 :
_cLisboa)
245 1 0 _aCooperación entre los tres espacios lingüísticos.
260 _aLisboa :
_bOEI :
_bSecretaría de Cooperación Iberoaméricana,
_c[2002],
300 _avi, 320 p. :
_bcuadros
650 4 _aLingüística
_vCongresos
_924637
905 _aLibro
999 _c135496
_d135496